000 00865nam a2200265Ia 4500
003 OSt
005 20221005105626.0
006 a|||||r|||| 00| 0
007 ta
008 221004b |||||||| |||| 00| 0 hin d
020 _c95
024 _a115586
037 _b370/17/2, 13/04/2012, Vani Parkashan
_cTextual
040 _aCRL
_cCRL
_bhin
041 _2hin
_ahin
082 _aO152,1N541x, N9
100 _aअरूण कमल
245 0 _aअपनी केवल धार
246 _aApanī keval dhāra
260 _aनई दिल्ली
_bवाणी प्रकाशन भारत
_c1999
300 _a87पृ0
_ccm.
650 _aहिन्दी साहित्य
942 _hO152,1N541x, N9
_cTEXL
_2cc
999 _c1016392
_d1016392